Movies Quiz

Random Movies or Young Adult Quiz
Score 0/24 Timer 05:00
0 Plays Today
% Correct
Newt Scamander
95.9%
Albus Dumbledore
82%
Gellert Grindelwald
80.2%
Queenie Goldstein
74.8%
Porpentina Goldstein
74.4%
Niffler
71.7%
Jacob Kowalski
70.3%
Credence Barebone
69.8%
Nagini
67%
Leta Lestrange
62.9%
Picket the Bowtruckle
61.9%
Nicolas Flamel
60.4%
% Correct
Frank the Thunderbird
49.3%
Mary Lou Barebone
42.5%
Dougal the Demiguise
40.9%
President Picquery
38%
Swooping Evil
34.9%
Occamy
31.4%
Erumpent
30.7%
Kelpie
26.8%
Gnarlack
25%
Mooncalves
23.1%
Graphorn
11.8%
Matagot
9.3%
Remove Ads.
Support Sporcle.
Get the best of Sporcle when you Go Orange. This ad-free experience offers more features, more stats, and more fun while also helping to support Sporcle. Thank you for becoming a member.

You're not logged in!

Compare scores with friends on all Sporcle quizzes.
OR
Log In

Sporcle TV

Guessing the Fantastic Beasts Characters | Pottermasters


Holly and Maria prepare for the Crimes of Grindlewald by playing this fun Fantastic Beasts and Where to Find Them Quiz!

Show Comments

Extras

Top Quizzes Today


Score Distribution

Paid Content

Your Account Isn't Verified!

In order to create a playlist on Sporcle, you need to verify the email address you used during registration. Go to your Sporcle Settings to finish the process.

Report this User

Report this user for behavior that violates our Community Guidelines.

Details: